Inferno (Record no. 322935)

000 -LEADER
fixed length control field 00269 a2200121 4500
001 - CONTROL NUMBER
control field 87862
003 - CONTROL NUMBER IDENTIFIER
control field NUST
005 - DATE AND TIME OF LATEST TRANSACTION
control field 20180124142814.0
008 - FIXED-LENGTH DATA ELEMENTS--GENERAL INFORMATION
fixed length control field 180124b xxu||||| |||| 00| 0 eng d
082 ## - DEWEY DECIMAL CLASSIFICATION NUMBER
Classification number 813.54 BRO
100 ## - MAIN ENTRY--PERSONAL NAME
Personal name Dan Brown
9 (RLIN) 9709
245 ## - TITLE STATEMENT
Title Inferno
Medium English
260 ## - PUBLICATION, DISTRIBUTION, ETC.
Place of publication, distribution, etc. London
Name of publisher, distributor, etc. BANTAM PRESS
Date of publication, distribution, etc. 2013
300 ## - PHYSICAL DESCRIPTION
Extent 462p+xi
942 ## - ADDED ENTRY ELEMENTS (KOHA)
Institution code [OBSOLETE] CAE NUST
Koha item type Book
Call number prefix 813.54 BRO
Source of classification or shelving scheme
Holdings
Withdrawn status Lost status Damaged status Not for loan Collection code Permanent Location Current Location Date acquired Total Checkouts Full call number Barcode Date last seen Price effective from Koha item type
          College of Aeronautical Engineering (CAE) College of Aeronautical Engineering (CAE) 04/03/2017   813.54 BRO CAE85969 04/05/2017 04/05/2017 Book
© 2023 Central Library, National University of Sciences and Technology. All Rights Reserved.